Eloquence et rhétorique chez Cicéron

Guardat en:
Dades bibliogràfiques
Format: Llibre
Idioma:alemany
francès
llatí
Publicat: Ginebra Vandoeuvres 1982
Col·lecció:Entretiens sur L'Antiquité Classique, 28
Matèries:
Etiquetes: Afegir etiqueta
Sense etiquetes, Sigues el primer a etiquetar aquest registre!

MARC

LEADER 00000nam a2200000 a 4500
001 UCZ0398
003 CL-VaPUC
008 950728e19820000SZ |||||||||||||||||ger|d
041 0 7 |a ger  |2 CL-VaPUC 
041 0 7 |a fre  |2 CL-VaPUC 
041 0 7 |a lat  |2 CL-VaPUC 
082 0 4 |a 875.9  |b ELO  |2 21 
245 1 0 |a Eloquence et rhétorique chez Cicéron 
300 |a 344 p 
942 |c BK 
945 |d 19950728 00:00:00  |a rbrito 
260 |a Ginebra  |b Vandoeuvres  |c 1982 
600 0 |a Cicerón, Marco Tulio  |e autor  |9 255203 
650 0 |a Oratoria latina  |9 266621 
650 0 |a Retórica   |9 266620 
583 |a last modification  |c 19950728 00:00:00  |k Rodrigo Vera 
490 0 |a Entretiens sur L'Antiquité Classique, 28 
999 |c 237330  |d 237328 
952 |0 0  |1 0  |4 0  |6 875_900000000000000_ELO_1982  |7 0  |8 X  |9 246262  |a BIBHIS  |b BIBHIS  |d 2019-11-18  |i 311483K  |o 875.9 ELO 1982  |p 311483K  |r 2024-01-30  |w 2019-11-18  |y BK_X  |k HIS